01650nam a2200457 i 450000100060000000300080000600500170001400600190003100700150005000800410006502000270010603500230013303500240015603500250018003500210020504000310022605000220025708000120027908200150029110000330030624500680033925000220040726400400042930000400046933600310050933700330054033800430057349000380061650000230065458801290067759001590080665000210096565000230098665000090100965000100101865500270102879700190105583000390107485600620111399900170117520275FlNmELB20241216213831.0m o d | cr cnu||||||||160912s2015 sp o 001 0 spa d a9788415874690 (e-book) a(MiAaPQ)EBC4569737 a(Au-PeEL)EBL4569737 a(CaPaEBR)ebr11230974 a(OCoLC)992053137 aFINmELBbspaerdacFINmELB 4aNK1105bB191 2015 a745/7480 a701.172231 aBallesteros Arranz, Ernesto.10aArtes industriales del siglo XIX /cErnesto Ballesteros Arranz. aCuarta edición. 1aMadrid :bHiares Multimedia,c2015. a1 recurso en línea (52 páginas) atextobtxt2rdacontent/spa acomputadorabc2rdamedia/spa arecurso en líneabcr2rdacarrier/spa1 aHistoria del arte español ;v50 aContiene índice. aDescripción basada en recurso en línea; Título de la página del título en PDF (e-libro, visto September 12, 2016). aRecurso electronico. Santa Fe, Arg. : e-libro, 2016. Disponible via World Wide Web. El acceso puede ser limitado para las bibliotecas afiliadas a e-libro. 0aDecorative arts. 4aArtes decorativas. 0aArt. 4aArte. 4aLibros electrónicos.2 ae-libro, Corp. 0aHistoria del arte español ;v50.40uhttps://elibro.net/ereader/politecnicointernacional/43015 c20275d20275